Normal view
MARC view
- Construcción
Entry Materia
001 - NÚMERO DE CONTROL DEL REGISTRO
- campo de control: 7153
003 - IDENTIFICADOR DE NUMERO DE CONTROL
- campo de control: UPN
005 - FECHA Y HORA DE LA ÚLTIMA TRANSACCIÓN
- campo de control: 20250312114740.0
008 - DATOS DE LONGITUD FIJA
- campo de control de longitud fija: nabaccnnaabn|||||||||| b |nc|||||d
035 ## - NÚMERO DE CONTROL DEL SISTEMA
- Número de control del sistema: UPN10000007157
040 ## - FUENTE DE LA CATALOGACIÓN
- Lengua de catalogación: spa
- Agencia de transcripción: UPN
150 ## - ENCABEZAMIENTO - TEMÁTICO
- Término de materia o nombre geográfico como elemento inicial: Construcción
670 ## - FUENTE EN LA QUE SE LOCALIZARON DATOS
- Cita de la fuente: E
680 ## - NOTA GENERAL CON DESPLIEGUE PÚBLICO
- Texto explicativo: Aquí se asientan las obras relacionadas con el proceso de la construcción. Las obras sobre el negocio de la construcción inlcuyendo financiamiento, planeamiento, dirección y experiencia técnica se asientan bajo
- Encabezamiento: CONSTRUCCION - INDUSTRIA.
- Texto explicativo: Las obras sobre tipos de trabajo implicado en la construcción se asientan bajo el encabezamiento
- Encabezamiento: CONSTRUCCION, RAMO DE LA
902 ## - CATALOGADOR
- Catalogador: LG/101096-RGJD
